000 00459nam a2200169Ia 4500
003 GCL
008 140319s9999 xx 000 0 eng d
040 _aGCL /
_cGCL
082 0 4 _a338.4791
_bD L
100 1 _aM.S DANN GRAHAM
245 1 0 _aTHE LANGUAGE OF TOURISM: A SOCIOLINGUISTIC PERSPECTIVE /
_cM.S DANN GRAHAM
260 _a[S.N] :
_bCAB IMTERNATIONAL ،
_c1996
300 _a298 P
650 0 4 _aTOURIST TRADE
650 0 4 _aTOURISM
942 _2ddc
_cBK
999 _c14353
_d14353